Wielkości fizyczne - Statystyki

Ogólne statystyki
  • Ten quiz został rozwiązany 302 razy
  • Średni wynik to 21 z 25
Statystyki odpowiedzi
Hint Odpowiedź % Poprawnych
masa m
98%
droga s
98%
pole powierzchni S
98%
czas t
98%
prędkość v
97%
objętość V
97%
moc P
95%
ciśnienie p
95%
przyśpieszenie a
94%
wysokość h
94%
siła F
93%
przyśpieszedie ziemskie g
93%
praca W
92%
gestość d
84%
ciepło wlaściwe c
83%
energia kinetyczna Ek
78%
energia potencjalna Ep
78%
prędkość końcowa vk
72%
energia wewnętrzna Ew
71%
siła wypadkowa Fw
69%
siła wyporu Fw
69%
prędkość początkowa vp
69%
ciepło pobrane przez ciało Q
67%
siła nacisku Fn
62%
siła ciężkości Fg
54%
Nie znaleziono quizów pasujących do podanych kryteriów
Rozkład punktacji
Procent ludzi z każdym wynikiem
Percentyl według liczby udzielonych odpowiedzi
Twoja historia wyników
Nie rozwiązałeś tego quizu